| 000 | 00548nam a2200169 a 4500 | ||
|---|---|---|---|
| 005 | 20140412111226.0 | ||
| 008 | 020417s19uu xx 00 eng d | ||
| 020 | _a1-85737-007-4 | ||
| 050 |
_aREF 507 _bIl6 1993 |
||
| 245 |
_aThe illustrated dictionary of : _bmoney and mathematics / _cContributors: Mike Nugent; Jennifer Fellows. |
||
| 260 |
_aUK : _bMerlion Publishing Ltd, _c1993. |
||
| 300 | _a160 p. ; ill. | ||
| 440 | _aThe Illustrated Dictionary | ||
| 650 |
_aMoney _xDictionaries |
||
| 650 |
_aMathematics _xDictionaries |
||
| 999 |
_c102037 _d102037 |
||